000 00248nam a2200097Ia 4500
001 651453
005 20250826154419.0
008 250824s9999 xx 000 0 und d
245 0 _aSevimli Tavşan Maceraları
_cAyşe Serra Kara
260 _bKAYALIPARK
999 _c651453
_d651453